| 000 | 00449nam a2200181Ia 4500 | ||
|---|---|---|---|
| 001 | 7501 | ||
| 005 | 20260306160500.0 | ||
| 008 | 260306t2015||||xx |||||||||||||| ||spa|| | ||
| 041 | _aESP | ||
| 082 |
_a339 _bM22A 2015 |
||
| 100 |
_aMankiw, N. Gregory _eAUT |
||
| 245 | 0 |
_aMacroeconomía: _bversión para América Latina |
|
| 260 | _c2015 | ||
| 300 |
_axxxi, 548 páginas : _c27 cm. |
||
| 650 | _aGEN | ||
| 654 | _aCAN | ||
| 942 |
_cLIB _dJUS _fJUS _2ddc _n |
||
| 999 |
_c7501 _d7501 |
||